|
|
|
|
| LEADER |
00645 a2200157 4500 |
| 008 |
100208b ||||| |||| 00| 0 eng d |
| 020 |
|
|
|a 9788125047933
|
| 082 |
|
|
|a 382.17
|
| 100 |
|
|
|a Akyuz, Yilmaz.
|
| 245 |
|
|
|a Financial crisis and global imbalances :
|b a development perspective /
|c Yilmaz Akyuz
|
| 260 |
|
|
|a New Delhi:
|b Orient Blackswan,
|c 2012.
|
| 300 |
|
|
|3 190 p.
|
| 650 |
|
|
|a Global Financial Crisis (2008-2009)
|
| 942 |
|
|
|c BK
|
| 999 |
|
|
|c 318507
|d 318507
|
| 952 |
|
|
|0 0
|1 0
|2 ddc
|4 0
|6 382_170000000000000_AKY_F
|7 0
|9 364669
|a ECN
|b ECN
|c GEN
|d 2016-05-11
|e Calicut Books distributors, Calicut.
|i 8860
|l 1
|o 382.17 AKY/F
|p ECN8860
|r 2016-09-05
|s 2016-08-31
|w 2016-05-11
|y BK
|